1132 1826 1069 1123 1603 1825 1443 1632 1886 1753 1209 1925 1210 1694 1736 1218 1914 1644 1944 1548 1378 1748 1356 1741 1234 1736 1182 1525 1970 1905 1517 1574 1167 1414 1985 1657 1334 1183 1783 1932 1419 1462 1328 1995 1205 1002 1022 1153 1794 1300 1529 1141 1361 1553 1249 1161 1152 1269 1609 1778 1163 1537 1357 1376 1257 1929 1633 1649 1394 1138 1687 1311 1922 1320 1845 1346 1880 1194 1573 1386 1246 1617 1384 1874 1468 1420 1311 1995 1311 1764 1413 1163 1994 1529 1927 1397 1229 1053 1280 BCNSPRNW ULIB Ver.6.0+V

เปลี่ยนเป็นภาษาไทย

Change to English
 แสดงรายละเอียดบรรณานุกรม
  กลับหน้าหลัก

Brief Record : Get Marc (ISO 2709) : E-mail record : QR code < ปิดหน้าต่าง
LEADER : 00000nam 2200000uu 4500
001    13399114586
003     ULIB
008    120418s2550||||th 000 0 tha d
020    ^a974944194x
090    ^aนว.^bก699ผ 2550
100 0  ^aกุ้งเต้น
245 00 ^aแผนรักดักหัวใจนายคิวปิด/^cกุ้งเต้น
250    ^aพิมพ์ครั้งที่ 1
260    ^aกรุงเทพฯ :^blove berry book,^c2550
300    ^a170 หน้า
710 1  ^alove berry book
945    ^p148^l0^i14465
995    ^aกัณชพร
999    ^aใช้งานได้ทุกระบบ
รายการนี้ยังไม่มีแท็ก
คุณยังไม่ได้ล็อกอิน คุณสามารถมีกิจกรรมร่วมกับเว็บไซต์ได้ แต่ต้องล็อกอินก่อน ::
  ล็อกอิน

รายการสื่อสารสนเทศ

ลำดับที่ ประเภท เลขเรียก/บาร์โค้ด สถานที่ สถานะ
1. วิทยาศาสตร์การแพทย์ และสุขภาพ
วิทยาศาสตร์การแพทย์ และสุขภาพ
นว. ก699ผ 2550  
  Barcode: 14465
ห้องสมุดวิทยาเขตสวรรค์ประชารักษ์
►นวนิยาย
บนชั้น
  ขอยืม

BibComment


ยังไม่เคยถูกคอมเมนท์

คอมเมนท์ทรัพยากรรายการนี้
  คอมเมนท์: แผนรักดักหัวใจนา..


 Copyright 2026. Bcnsprnw @Library